000 01114naa a22002537a 4500
001 BR8007395
003 BR-BrBNA
005 20250716093637.0
007 ta
008 250630b bl.|||m| |||| 00| 0 por d
040 _aBR-BrBNA
_bpor
_cBiblioteca Nacional de Agricultura
041 _a(Pt)
072 _aP05
090 _aP05 BR8007395
100 1 _aYonezawa, J.T.
111 1 _aSeminario: Abastecimento Energetico Industrial com Recursos Florestais
_cPiracicaba, SP (Brazil)
_d17-18 Jul 1980
245 1 _aAs perspectivas de uso da floresta como supridora de energia na Companhia Suzano da Papel e Celulose
500 _aAnais do Seminario: Abastecimento Energetico Industrial com Recursos Florestais Piracicaba, SP (Brasil): 1980. p. 66-72 [7 tables] (BR8007395-AMS)
773 0 _tAnais do Seminario: Abastecimento Energetico Industrial com Recursos Florestais
_wP05 BR8007395
_gPiracicaba, SP (Brasil), 1980. p. 66-72
650 _aENERGIA
490 _aSerie Tecnica - Instituto de Pesquisas e Estudos Florestais (Brazil)
_vv. 1(2)
942 _cAMS
_2AGRIS
909 _a202506
_bLúcia
_c55
_dLúcia Elande
999 _c333614
_d333614